El documento notarial
Uloženo v:
| Hlavní autor: | |
|---|---|
| Médium: | Kniha |
| Jazyk: | španělština |
| Vydáno: |
Buenos Aires
Astrea
1980
|
| Témata: | |
| Tagy: |
Přidat tag
Žádné tagy, Buďte první, kdo vytvoří štítek k tomuto záznamu!
|
MARC
| LEADER | 00000nam a2200000 a 4500 | ||
|---|---|---|---|
| 001 | UCP6529 | ||
| 003 | CL-VaPUC | ||
| 008 | 991029e19800000AG |||||||||||||||||spa|d | ||
| 082 | 0 | 4 | |a 347.016 |b PEL |2 21 |
| 100 | 0 | |a Pelosi, Carlos A |e author |9 435633 | |
| 245 | 1 | 3 | |a El documento notarial |
| 300 | |a 349 P | ||
| 942 | |c BK | ||
| 945 | |d 19991029 00:00:00 |a vberengu | ||
| 260 | |a Buenos Aires |b Astrea |c 1980 | ||
| 650 | 0 | |a Instrumento público |9 384474 | |
| 650 | 7 | |a INVALIDEZ |2 CL-VaPUC |9 385020 | |
| 650 | 0 | |a Notarios |9 254869 | |
| 650 | 7 | |a PRUEBA DOCUMENTAL |2 CL-VaPUC |9 370021 | |
| 651 | 0 | |a Argentina |9 254888 | |
| 583 | |a last modification |c 19991029 00:00:00 |k Rodrigo Vera | ||
| 999 | |c 284039 |d 284037 | ||
| 952 | |0 0 |1 0 |4 0 |6 347_016000000000000_PEL_1980 |7 0 |8 A |9 327723 |a BIBDER |b BIBDER |d 2019-11-20 |i 3569659 |o 347.016 PEL 1980 |p 3569659 |r 2023-01-25 |w 2019-11-20 |y BK |k DER | ||